Egitania sciencia

Detalles Bibliográficos
Formato: Electrónico Revista
Lenguaje:portugués
Publicado: Guarda, Portugal : Instituto Politécnico da Guarda
Materias:
Acceso en línea:Full text available from Research Library: 11/01/2007 to 07/31/2016

MARC

LEADER 00000nas a2200000 i 4500
001 ssj0001072175
003 WaSeSS
005 20200512172242.0
006 m d
007 cr n
008 131214c20uu9999po f| p|s|||||| |0por d
035 |a (WaSeSS)ssj0001072175 
040 |a WaSeSS  |b eng  |c WaSeSS  |d WaSeSS 
050 1 4 |a Q4 
245 0 0 |a Egitania sciencia  |h [electronic resource]. 
260 |a Guarda, Portugal :  |b Instituto Politécnico da Guarda 
310 |a Semiannual 
506 |a License restrictions may limit access. 
588 |a Description based on: 1 (November 2007); title from title screen (ProQuest, viewed Dec. 14, 2013). 
588 |a Latest issue consulted: 12 (May 2013) (viewed Dec. 14, 2013). 
650 0 |a Science  |v Periodicals. 
655 0 |a Electronic journals. 
776 0 8 |i Print version:  |t Egitania sciencia  |x 1646-8848 
856 4 0 |z Full text available from Research Library: 11/01/2007 to 07/31/2016  |u https://search.proquest.com/publication/1246356